000 00526nam a2200217Ia 4500
005 20260429112145.0
008 260429s9999||||xx |||||||||||||| ||und||
020 _a9781032306360
041 _aEnglish
082 _a796.069
_bCAS
100 _aCashmore, Ellis
245 0 _aSport and crime /
_cEllis Cashmore
250 _a1st ed.
260 _aLondon :
_bRoutledge,
_c2025.
300 _a223 p.; pbk
650 _a Crime
650 _aSport
700 _a Cleland, Jamie
700 _a Dixon, Kevin
942 _cTB
999 _c52647
_d52647